000
00275nam a2200097Ia 4500
001
1229398
005
20250827093100.0
008
250824s9999 xx 000 0 und d
245
0
_a
PANTOLONUM BÜYÜLENDİ
_c
JAMIE KELLY
260
_b
ALTIN KİTAPLAR YAYINLARI
999
_c
1229398
_d
1229398